000 00492nam a2200157Ia 4500
008 240126s9999 xx 000 0 und d
041 _aEnglish
082 _aPRIS07-1234
100 _aAbhijit S. Santosh K.
245 0 _aFace Recognition Using Gabor Filter [electronic resource : Project Report]
_bShylaja, S S
260 _bPESIT, Dept. of IS,
_aBangalore
440 _aNULL
650 _aFace,Recognition,Using,Gabor,:,Project,Report]
650 _aInformation Science
942 _cPR
999 _c256790
_d256790